| 000 | 00878cad a22002055a 4500 | ||
|---|---|---|---|
| 001 | L153519 | ||
| 008 | 110803s2011 xxk f 000 0 eng d | ||
| 035 | _a(Sirsi) u153519 | ||
| 041 | 0 | _aeng | |
| 110 | 2 |
_aUnited Kingdom _bCabinet Office _95270 |
|
| 245 | 0 | 0 |
_aGovernment construction strategy _bdownloads _h[electronic resource] |
| 260 |
_aLondon _bCO _c2011 |
||
| 520 | _aA collection of strategy documents including Government construction strategy, the funded construction pipeline, government construction: board membership, and government construction programme governance structure. | ||
| 590 | _aKA | ||
| 651 | 4 |
_aUnited Kingdom _y |
|
| 690 |
_aProcurement _96260 |
||
| 690 | _aBUILT ENVIRONMENT-CONSTRUCTION MARKET | ||
| 856 | 4 | 0 |
_uhttps://www.gov.uk/government/publications/government-construction-strategy _zView this item free of charge at www.gov.uk |
| 942 | _n0 | ||
| 999 |
_c112567 _d112567 |
||